| 000 | 00667nam a22001697a 4500 | ||
|---|---|---|---|
| 003 | OSt | ||
| 005 | 20171010095506.0 | ||
| 008 | 120810t xxu||||| |||| 00| 0 eng d | ||
| 040 |
_aMMSU _cULS |
||
| 100 |
_aCruz, Reynaldo C. _911940 |
||
| 245 |
_aThe effects of feeding three energy levels on the growth and reproductive performance of dairy cattle and carabao (Bubalus Bubalis Linn.) under Philippine conditions _cReynaldo C. Cruz |
||
| 260 | _c1978 | ||
| 300 |
_avi, 41 leaves _c28 cm. |
||
| 500 | _aThesis (MS Animal Science-Animal Production) -- University of the Philippines, Los BaƱos, Laguna | ||
| 504 | _aBibliography: leaves 38-41 | ||
| 942 |
_2ddc _cTHEDIS |
||
| 999 |
_c9684 _d9684 |
||